[Event "SLO Cup"]
[Site "Otocec"]
[Date "2009.05.23"]
[Round "3"]
[White "Horvath, Tamas"]
[Black "Markun, Bostjan"]
[Result "1/2-1/2"]
[WhiteElo "2416"]
[BlackElo "2315"]
[PlyCount "72"]
[EventDate "2009.05.22"]
[EventType "team-tourn"]
[EventRounds "5"]
[EventCountry "SLO"]
[SourceTitle "CBM 130 Extra"]
[Source "ChessBase"]
[SourceDate "2009.07.02"]
[SourceVersion "2"]
[SourceVersionDate "2009.07.15"]
[SourceQuality "1"]

1. e4 e5 2. Nf3 Nc6 3. Bb5 f5 4. Nc3 fxe4 5. Nxe4 d5 6. Nxe5 dxe4 7. Nxc6 Qg5 8. Qe2 Nf6 9. f4 Qxf4 10. Ne5+ c6 11. d4 Qh4+ 12. g3 Qh3 13. Bc4 Be6 14. Bg5 0-0-0 15. 0-0-0 Bd6 16. Qf1 Rhe8 17. Qxh3 Bxh3 18. Nf7 Rd7 19. Nxd6+ Rxd6 20. c3 Nd5 21. Bf1 Bg4 22. Re1 e3 23. Rg1 Rg6 24. h4 h6 25. Bd3 Rge6 26. Bf4 Nxf4 27. gxf4 h5 28. Rxg4 hxg4 29. Bf5 Kc7 30. Bxe6 Rxe6 31. Kd1 Re4 32. Ke2 Rxf4 33. Kxe3 Rf3+ 34. Ke4 Rh3 35. Kf4 Rxh4 36. Re2 Kd6 1/2-1/2

[Event "SLO-chT1 West"]
[Site "Ljubljana"]
[Date "2008.11.23"]
[Round "9.1"]
[White "Markun, Bostjan"]
[Black "Furlan, Miha"]
[Result "1-0"]
[WhiteElo "2316"]
[BlackElo "2336"]
[PlyCount "103"]
[EventDate "2008.11.13"]
[EventType "team-tourn"]
[EventRounds "9"]
[EventCountry "SLO"]
[SourceTitle "EXT 2010"]
[Source "ChessBase"]
[SourceDate "2010.11.25"]
[SourceVersion "1"]
[SourceVersionDate "2010.11.25"]
[SourceQuality "1"]
[WhiteTeam "Kranj Tomo Zupan"]
[BlackTeam "Trebnje BMP"]
[WhiteTeamCountry "SLO"]
[BlackTeamCountry "SLO"]

1. e4 e6 2. d4 d5 3. Nc3 Nc6 4. Nf3 Nf6 5. e5 Ne4 6. Bd3 Bb4 7. 0-0 Nxc3 8. bxc3 Bxc3 9. Rb1 Bb4 10. Ng5 Be7 11. Nxh7 g6 12. Nf6+ Bxf6 13. exf6 Qxf6 14. c3 Qh4 15. h3 e5 16. Qf3 e4 17. Qe3 Ne7 18. Bc2 Nf5 19. Qe2 a6 20. Re1 Nd6 21. f3 f5 22. fxe4 fxe4 23. Rf1 Bd7 24. a4 g5 25. Be3 0-0-0 26. Bb3 Bc6 27. Bf2 Qh5 28. Qxh5 Rxh5 29. Be3 Rg8 30. Rf6 g4 31. hxg4 Rh7 32. g5 Rhg7 33. Rbf1 Kd7 34. Bd1 Ke7 35. a5 Bb5 36. R1f2 Bd7 37. Bh5 Be6 38. g6 Ne8 39. Rf7+ Kd6 40. Bf4+ Kc6 41. Be5 Rxg6 42. Bxg6 Rxg6 43. Re7 Nd6 44. Rf6 Rxf6 45. Bxf6 Bd7 46. Be5 Nf5 47. Rf7 Ne3 48. Rg7 Ng4 49. Bf4 Be6 50. Rxc7+ Kb5 51. Rxb7+ Kxa5 52. Rb4 1-0